| 000 | 01177nam a2200265Ia 4500 | ||
|---|---|---|---|
| 003 | OSt | ||
| 005 | 20221005110702.0 | ||
| 006 | a|||||r|||| 00| 0 | ||
| 007 | ta | ||
| 008 | 221004b |||||||| |||| 00| 0 hin d | ||
| 020 |
_a9788126713448 (hbk) _cINR 175.00 |
||
| 024 | _a41319 | ||
| 037 |
_b281, 15/02/2019, Eastern Book Linkers _cTextual |
||
| 040 |
_aCRL _cCRL _bhin |
||
| 041 |
_2hin _ahin |
||
| 082 | _aO168v, 152P7 | ||
| 100 |
_aफ़ारूक़ी, शम्सुर्रहमान, ले. _9157335 |
||
| 245 | 0 |
_aउर्दू का आरम्भिक युग _b साहिथ्त्यक संस्कृति एवं इतिहास के पहलू |
|
| 246 | _aUrdū kā ārambhik yuga: sāhithtyak sanskṛuti evan itihās ke pahalū | ||
| 260 |
_aनई दिल्ली _bराजकमल प्रकाशन भारत _c2007 |
||
| 300 |
_a151पृ0 _ccm. |
||
| 650 | _aउर्दू साहित्य | ||
| 942 |
_hO168v, 152P7 _cTEXL _2cc |
||
| 999 |
_c1019588 _d1019588 |
||